000 00626nam a2200193Ia 4500
003 IN-BaIIA
008 211028s9999 xx 000 0 eng d
020 _a84-00-05380-X
040 _cIIA Library
080 _a081:52
_bCAR
100 _aCardus, J. O.
_913473
245 0 _aContribuciones cientificas para conmemorar el 75 aniversario del observatorio del ebro
_cJ. O. Cardus
260 _aTarragona
_c1983
300 _a547p
490 _aPublications del observatorio del ebro memoria; no.14
650 _aCollected works
_9760
650 _aNASA thesaurus
942 _cBK
999 _c7986
_d7986